<?xml version="1.0" encoding="UTF-8"?><?xml-stylesheet type="text/xsl" href="static/style.xsl"?><OAI-PMH xmlns="http://www.openarchives.org/OAI/2.0/" xmlns:xsi="http://www.w3.org/2001/XMLSchema-instance" xsi:schemaLocation="http://www.openarchives.org/OAI/2.0/ http://www.openarchives.org/OAI/2.0/OAI-PMH.xsd"><responseDate>2026-04-17T02:17:58Z</responseDate><request verb="GetRecord" identifier="oai:www.recercat.cat:11351/10837" metadataPrefix="marc">https://recercat.cat/oai/request</request><GetRecord><record><header><identifier>oai:recercat.cat:11351/10837</identifier><datestamp>2025-10-24T10:16:28Z</datestamp><setSpec>com_2072_378070</setSpec><setSpec>com_2072_378040</setSpec><setSpec>col_2072_378092</setSpec></header><metadata><record xmlns="http://www.loc.gov/MARC21/slim" xmlns:dcterms="http://purl.org/dc/terms/" xmlns:xsi="http://www.w3.org/2001/XMLSchema-instance" xmlns:doc="http://www.lyncode.com/xoai" xsi:schemaLocation="http://www.loc.gov/MARC21/slim http://www.loc.gov/standards/marcxml/schema/MARC21slim.xsd">
   <leader>00925njm 22002777a 4500</leader>
   <datafield ind2=" " ind1=" " tag="042">
      <subfield code="a">dc</subfield>
   </datafield>
   <datafield ind2=" " ind1=" " tag="720">
      <subfield code="a">Sakai, Yu</subfield>
      <subfield code="e">author</subfield>
   </datafield>
   <datafield ind2=" " ind1=" " tag="720">
      <subfield code="a">Cao, Quy</subfield>
      <subfield code="e">author</subfield>
   </datafield>
   <datafield ind2=" " ind1=" " tag="720">
      <subfield code="a">Rubin, Jeremy</subfield>
      <subfield code="e">author</subfield>
   </datafield>
   <datafield ind2=" " ind1=" " tag="720">
      <subfield code="a">Witsch, Jens</subfield>
      <subfield code="e">author</subfield>
   </datafield>
   <datafield ind2=" " ind1=" " tag="720">
      <subfield code="a">Cohen-Addad, Dan</subfield>
      <subfield code="e">author</subfield>
   </datafield>
   <datafield ind2=" " ind1=" " tag="720">
      <subfield code="a">de Macedo Rodrigues, Katyucia</subfield>
      <subfield code="e">author</subfield>
   </datafield>
   <datafield ind2=" " ind1=" " tag="720">
      <subfield code="a">Juega, Jesus</subfield>
      <subfield code="e">author</subfield>
   </datafield>
   <datafield ind2=" " ind1=" " tag="260">
      <subfield code="c">2024-01-12T08:25:21Z</subfield>
   </datafield>
   <datafield ind2=" " ind1=" " tag="260">
      <subfield code="c">2024-01-12T08:25:21Z</subfield>
   </datafield>
   <datafield ind2=" " ind1=" " tag="260">
      <subfield code="c">2023-12-05</subfield>
   </datafield>
   <datafield ind2=" " ind1=" " tag="520">
      <subfield code="a">Atherosclerosis; Imaging; Stroke</subfield>
   </datafield>
   <datafield ind2=" " ind1=" " tag="520">
      <subfield code="a">Aterosclerosis; Imágenes; Ictus</subfield>
   </datafield>
   <datafield ind2=" " ind1=" " tag="520">
      <subfield code="a">Aterosclerosi; Imatges; Ictus</subfield>
   </datafield>
   <datafield ind2=" " ind1=" " tag="520">
      <subfield code="a">Background&#xd;
Complex aortic plaque (CAP) is a potential embolic source in patients with cryptogenic stroke (CS). We review CAP imaging criteria for transesophageal echocardiogram (TEE), computed tomography angiography (CTA), and magnetic resonance imaging and calculate CAP prevalence in patients with acute CS.&#xd;
Methods and Results&#xd;
PubMed and EMBASE databases were searched up to December 2022 in accordance with the Preferred Reporting Items for Systematic Reviews and Meta‐Analyses guideline. Two independent reviewers extracted data on study design, imaging techniques, CAP criteria, and prevalence. The Cochrane Collaboration tool and Guideline for Reporting Reliability and Agreement Studies were used to assess risk of bias and reporting completeness, respectively. From 2293 studies, 45 were reviewed for CAP imaging biomarker criteria in patients with acute CS (N=37 TEE; N=9 CTA; N=6 magnetic resonance imaging). Most studies (74%) used ≥4 mm plaque thickness as the imaging criterion for CAP although ≥1 mm (N=1, CTA), ≥5 mm (N=5, TEE), and ≥6 mm (N=2, CTA) were also reported. Additional features included mobility, ulceration, thrombus, protrusions, and assessment of plaque composition. From 23 prospective studies, CAP was detected in 960 of 2778 patients with CS (0.32 [95% CI, 0.24–0.41], I2=94%). By modality, prevalence estimates were 0.29 (95% CI, 0.20–0.40; I2=95%) for TEE; 0.23 (95% CI, 0.15–0.34; I2=87%) for CTA and 0.22 (95% CI, 0.06–0.54; I2=92%) for magnetic resonance imaging.&#xd;
Conclusions&#xd;
TEE was commonly used to assess CAP in patients with CS. The most common CAP imaging biomarker was ≥4 mm plaque thickness. CAP was observed in one‐third of patients with acute CS. However, high study heterogeneity suggests a need for reproducible imaging methods.</subfield>
   </datafield>
   <datafield ind2=" " ind1=" " tag="520">
      <subfield code="a">The work is supported by the National Heart, Lung, and Blood Institute (R01 HL147355, Z.F.), American Heart Association Career Development Awards (938082 to J.W.S.; 23CDA1053561 to J.W.), Vice Provost for University Research Foundation (J.W.S.), and Institute of Translational Medicine and Therapeutics (J.W.S.).</subfield>
   </datafield>
   <datafield ind1="8" ind2=" " tag="024">
      <subfield code="a">http://hdl.handle.net/11351/10837</subfield>
   </datafield>
   <datafield tag="653" ind2=" " ind1=" ">
      <subfield code="a">Placa ateroscleròtica</subfield>
   </datafield>
   <datafield tag="653" ind2=" " ind1=" ">
      <subfield code="a">Imatgeria per al diagnòstic</subfield>
   </datafield>
   <datafield tag="653" ind2=" " ind1=" ">
      <subfield code="a">Malalties cerebrovasculars</subfield>
   </datafield>
   <datafield tag="653" ind2=" " ind1=" ">
      <subfield code="a">DISEASES::Pathological Conditions, Signs and Symptoms::Pathological Conditions, Anatomical::Plaque, Atherosclerotic</subfield>
   </datafield>
   <datafield tag="653" ind2=" " ind1=" ">
      <subfield code="a">DISEASES::Nervous System Diseases::Central Nervous System Diseases::Brain Diseases::Cerebrovascular Disorders::Stroke</subfield>
   </datafield>
   <datafield tag="653" ind2=" " ind1=" ">
      <subfield code="a">ANALYTICAL, DIAGNOSTIC AND THERAPEUTIC TECHNIQUES, AND EQUIPMENT::Diagnosis::Diagnostic Techniques and Procedures::Diagnostic Imaging</subfield>
   </datafield>
   <datafield tag="653" ind2=" " ind1=" ">
      <subfield code="a">ENFERMEDADES::afecciones patológicas, signos y síntomas::afecciones patológicas anatómicas::placa aterosclerótica</subfield>
   </datafield>
   <datafield tag="653" ind2=" " ind1=" ">
      <subfield code="a">ENFERMEDADES::enfermedades del sistema nervioso::enfermedades del sistema nervioso central::enfermedades cerebrales::trastornos cerebrovasculares::accidente cerebrovascular</subfield>
   </datafield>
   <datafield tag="653" ind2=" " ind1=" ">
      <subfield code="a">TÉCNICAS Y EQUIPOS ANALÍTICOS, DIAGNÓSTICOS Y TERAPÉUTICOS::diagnóstico::técnicas y procedimientos diagnósticos::diagnóstico por imagen</subfield>
   </datafield>
   <datafield ind2="0" ind1="0" tag="245">
      <subfield code="a">Imaging Biomarkers and Prevalence of Complex Aortic Plaque in Cryptogenic Stroke: A Systematic Review</subfield>
   </datafield>
</record></metadata></record></GetRecord></OAI-PMH>